000 00612cam a22002293a 4500
001 22358
003 PGUSA
005 20140828083457.0
008 070819s2007||||xxu|||||s|||||000 1 eng d
040 _aPGUSA
_beng
042 _adc
050 4 _aPS
100 1 _aHecht, Ben,
_d1894-1964
245 1 0 _aErik Dorn
_h[electronic resource] /
_cBen Hecht
260 _bProject Gutenberg,
_c2007
506 _aPublic domain in the USA.
516 _aElectronic text
653 _aChicago (Ill.) -- Fiction
830 0 _aProject Gutenberg
_v22358
856 4 0 _uhttp://www.gutenberg.org/ebooks/22358
942 _cEB
999 _c251613
_d251613